000
00276nam a22001217a 4500
020
_a
978-0-545-47965-1
082
_a
823
_b
BRI/C
100
_a
BRIDWELL, NORMAN
245
_a
CLIFFORD'S BIRTHDAY PARTY
260
_a
UK
_b
SCHOLASTIC
650
_a
SHORT STORY- ENGLISH
942
_c
BK
999
_c
3443
_d
3443